00526nam a2200181 a 450000100060000000300090000600800410001504000280005608200170008410000240010124500800012525000060020526000360021130000100024765000380025765000220029565000270031712771CO-ViMGA141112s2004 ck r 000 u spa d aCO-ViMGAbspacCO-ViMGA04a344.861 C7171 aVasquez, V. Orlando10aNuevo codigo de Regimen Municipal, Departamental, Intendencial y comisarial a1 aMedellín : bJuridica, c1986 a472p.14aCOLOMBIA - ADMINISTRACION PUBLICA14aDERECHO MUNICIPAL14aLEGISLACION - COLOMBIA